000 00535nam a2200181Ia 4500
001 8782
005 20260306160635.0
008 260306t2015||||xx |||||||||||||| ||spa||
041 _aESP
082 _a371.334
_bA16
100 _aAbud, Belinda,
_eAUT
245 0 _aEducar en la era digital sin perder lo esencial :
_buna guía que sirve para incorporar positivamente las TIC en el proceso enseñanza-aprendizaje
260 _c2015
300 _a88 páginas :
_c21 cm.
650 _aGEN
654 _aCED
942 _cLIB
_dJUS
_fJUS
_2ddc
_n
999 _c8782
_d8782